00414cam a2200157ua 45000010005000000080039000050400009000440820013000531000022000662450047000882500009001352600043001443000017001876530025002046530027002293750111213n ii |||gr||||Z||||||asm cMAIN a891.4518 aDihingia, Mamoni,11aSamayar para samayaloicby Mamoni Dihingia a1st. aDibrugarh:bKaustubh Prakashan,c2004. a146p:c23cm. aAssamese rachanawali aSamayar para samayaloi